Thoroughfare - Ethel Cain - Statistics

General Stats
  • This quiz has been taken 22 times
    20 since last reset
  • The average score is 424 of 481
Answer Stats
.☘︎ ݁˖ % Correct
a
100%
and
100%
And
100%
"Baby,
100%
baby,
100%
I
100%
(I
100%
if
100%
in
100%
in,
100%
it
100%
it,
100%
it)
100%
it"
100%
its
100%
it's
100%
"It's
100%
me?
100%
me,
100%
me?"
100%
me?)
100%
me"
100%
me
100%
no
100%
No
100%
on
100%
so
100%
So
100%
the
100%
time
100%
to
100%
we
100%
We
100%
You
100%
you
100%
you,
100%
your
100%
all
94%
America
94%
be"
94%
be
94%
but
94%
"But
94%
by
94%
can't
94%
Cause
94%
cause
94%
"Cause
94%
come
94%
dad
94%
do
94%
(Do
94%
don't
94%
fell
94%
first
94%
for
94%
had
94%
he
94%
"Honey,
94%
I'll
94%
leave
94%
leave,
94%
love
94%
love,
94%
love's
94%
meant
94%
met
94%
much
94%
much)
94%
need"
94%
need
94%
never
94%
of
94%
old
94%
out
94%
said
94%
see
94%
sure
94%
that
94%
there
94%
twelve
94%
wanna
94%
were
94%
west
94%
what
94%
when
94%
where
94%
with
94%
years
94%
you're
94%
go
88%
"Hey,
88%
knew
88%
left
88%
long
88%
my
88%
one
88%
pistol
88%
pocket
88%
road
88%
seventeen,
88%
thoroughfare
88%
was
88%
western
88%
angry
81%
anywhere"
81%
been
81%
didn't
81%
differently,
81%
"End
81%
find
81%
got
81%
hopped
81%
loved
81%
made
81%
man
81%
maybe
81%
motel
81%
mother,
81%
not,
81%
not
81%
oh,
81%
run,
81%
side
81%
since
81%
started
81%
sweet
81%
take
81%
trust
81%
who
81%
at
75%
clothes
75%
deep
75%
deep,
75%
diner
75%
ever
75%
Florida
75%
found
75%
I'm
75%
look
75%
lost
75%
might
75%
right
75%
rooms,
75%
some
75%
southern
75%
sunshine
75%
then
75%
this
75%
truck
75%
truck,
75%
turned
75%
wasn't
75%
"Well,
75%
child,
69%
could
69%
damn
69%
every
69%
heaven
69%
I've
69%
Saw
69%
small
69%
Texas
69%
these
69%
torn-up
69%
town
69%
wet,
69%
without
69%
after
63%
California
63%
call
63%
coast,
63%
doubt
63%
headed"
63%
into
63%
just
63%
luck
63%
now
63%
once
63%
spend,
63%
stared
63%
chasing
56%
day
56%
edge
56%
faces
56%
far
56%
finally
56%
get
56%
know
56%
least
56%
lover,
56%
or
56%
reached
56%
somewhere
56%
twice
56%
beats
50%
dumb
50%
line
50%
night
50%
off
50%
our
50%
outta
50%
walking
50%
driving
44%
place
44%
sweating
44%
yourself
44%
hard
38%
is
38%
only
38%
pressed
38%
think
38%
air
31%
pickup
31%
yet
31%
I'd
25%
(Nothing
19%
still
19%
No matching quizzes found
Score Distribution
Percent of People with Each Score
Percentile by Number Answered
Your Score History
You have not taken this quiz since the last reset